[Event "Brussels FEFB op"]
[Site "Brussels"]
[Date "2011.06.02"]
[Round "2"]
[White "Degembe, Pierre"]
[Black "Pouliart, Serge"]
[Result "1-0"]
[WhiteElo "2018"]
[BlackElo "1805"]
[PlyCount "95"]
[EventDate "2011.06.01"]
[EventType "swiss"]
[EventRounds "7"]
[EventCountry "BEL"]
[SourceTitle "EXT 2015"]
[Source "ChessBase"]
[SourceDate "2014.11.20"]
[SourceVersion "1"]
[SourceVersionDate "2014.11.20"]
[SourceQuality "1"]

1. e4 e5 2. Nf3 Nc6 3. Bb5 a6 4. Ba4 Nf6 5. 0-0 Bc5 6. c3 0-0 7. d4 Ba7 8. Bc2 d6 9. h3 b5 10. Bg5 Qe7 11. d5 Nb8 12. a4 Nbd7 13. axb5 h6 14. Bxf6 Nxf6 15. bxa6 Nh5 16. Kh2 Nf4 17. Ng1 g5 18. g3 Ng6 19. Nd2 Kh7 20. Qf3 Rg8 21. Nc4 Bd7 22. Ne3 f6 23. Nf5 Qf8 24. Ba4 Bxf5 25. Qxf5 Kh8 26. Bd7 Rg7 27. Be6 Qe7 28. Qf3 Rh7 29. Qh5 Kg7 30. Ne2 Rhh8 31. f4 Rab8 32. b4 Nf8 33. f5 Qe8 34. Qxe8 Rxe8 35. Nc1 h5 36. Nb3 h4 37. g4 Be3 38. Na5 Ra8 39. Nc6 Nh7 40. Kg2 Nf8 41. Kf3 Bf4 42. Ke2 Rh7 43. Rfb1 Kh6 44. b5 Nd7 45. Bxd7 Rxd7 46. b6 cxb6 47. Rxb6 Bh2 48. a7 1-0